[Event "Xtracon GM"]
[Site "Borup"]
[Date "2009.09.05"]
[Round "3"]
[White "Andersen, Lars Ren"]
[Black "Bekker Jensen, Simon"]
[Result "0-1"]
[WhiteElo "2095"]
[BlackElo "2415"]
[PlyCount "100"]
[EventDate "2009.09.04"]
[EventType "swiss"]
[EventRounds "9"]
[EventCountry "DEN"]
[Source "ChessBase"]
[SourceDate "2009.11.03"]

1. e4 c5 2. Nf3 d6 3. d4 Nf6 4. Nc3 cxd4 5. Nxd4 a6 6. Be3 e5 7. Nb3 Be6 8. f3
Be7 9. Qd2 O-O 10. O-O-O Nbd7 11. g4 b5 12. Kb1 b4 13. Nd5 Bxd5 14. exd5 Nb6
15. Bxb6 Qxb6 16. g5 Nh5 17. Bd3 a5 18. Be4 g6 19. Rhg1 Qa7 20. Nc1 Bd8 21. Nd3
Bb6 22. Rg2 Be3 23. Qe1 Rab8 24. h4 f6 25. gxf6 Rxf6 26. Qe2 Kh8 27. Re1 Bd4
28. Rd1 Rf7 29. Qd2 Be3 30. Qe2 Rbf8 31. Re1 Bh6 32. Reg1 Nf6 33. Rf1 Qd4 34.
Rd1 Qb6 35. b3 a4 36. bxa4 Be3 37. Nb2 Bd4 38. Qb5 Qc7 39. Qc6 Qxc6 40. dxc6
Rc7 41. Re2 Nxe4 42. fxe4 Rxc6 43. Nd3 Ra6 44. Nc1 Rf4 45. Nb3 Bc3 46. Re3 Rxh4
47. Red3 Rxe4 48. Rxd6 Rxd6 49. Rxd6 Re1+ 50. Nc1 Bd4 0-1

[Event "Xtracon GM"]
[Site "Borup"]
[Date "2009.09.05"]
[Round "3"]
[White "Battaglini, Gabriel"]
[Black "Andersen, Daniel"]
[Result "1-0"]
[WhiteElo "2360"]
[BlackElo "1953"]
[PlyCount "55"]
[EventDate "2009.09.04"]
[EventType "swiss"]
[EventRounds "9"]
[EventCountry "DEN"]
[Source "ChessBase"]
[SourceDate "2009.11.03"]

1. d4 e6 2. c4 f5 3. Nc3 Nf6 4. g3 c6 5. Bg2 d5 6. Nf3 Bd6 7. O-O O-O 8. Bf4
Bxf4 9. gxf4 Ne4 10. e3 Nd7 11. Qc2 Ndf6 12. Ne5 Qe8 13. f3 Nxc3 14. bxc3 Qh5
15. Rab1 g5 16. fxg5 Qxg5 17. f4 Qh5 18. Rf3 Kh8 19. Rh3 Qe8 20. Bf3 Rg8+ 21.
Kf2 Ne4+ 22. Bxe4 fxe4 23. Rg1 Rxg1 24. Kxg1 Qg8+ 25. Rg3 Qe8 26. Qg2 Bd7 27.
Rg7 Rd8 28. Nf7+ 1-0

[Event "Xtracon GM"]
[Site "Borup"]
[Date "2009.09.05"]
[Round "3"]
[White "Bonnelykke, Ole"]
[Black "Holst, Lasse"]
[Result "1-0"]
[WhiteElo "2118"]
[BlackElo "1881"]
[PlyCount "81"]
[EventDate "2009.09.04"]
[EventType "swiss"]
[EventRounds "9"]
[EventCountry "DEN"]
[Source "ChessBase"]
[SourceDate "2009.11.03"]

1. e4 e6 2. d3 d5 3. Nd2 Nf6 4. g3 Be7 5. Bg2 O-O 6. Qe2 Nc6 7. c3 d4 8. f4 e5
9. f5 Nd7 10. c4 Nb4 11. Nb3 b5 12. cxb5 c5 13. bxc6 Nxc6 14. Nf3 Ba6 15. O-O
Nb4 16. Ne1 Rc8 17. Bd2 Qb6 18. Bxb4 Bxb4 19. Nc2 Bd6 20. Rfc1 Qb5 21. Bf1 Rc7
22. Na3 Qb6 23. Rxc7 Bxc7 24. Rc1 Rc8 25. Nc4 Qh6 26. Qd2 Qxd2 27. Ncxd2 Bd8
28. Rxc8 Bxc8 29. Nc4 Bg5 30. Nba5 Ba6 31. b4 Be7 32. Nc6 Bxc4 33. dxc4 Bd6 34.
c5 Bb8 35. Nxb8 Nxb8 36. Bb5 Kf8 37. c6 Nxc6 38. Bxc6 Ke7 39. a4 Kd6 40. Bd5 f6
41. Kf2 1-0

[Event "Xtracon GM"]
[Site "Borup"]
[Date "2009.09.05"]
[Round "3"]
[White "Eriksson, Christian Altenburg"]
[Black "Skovgaard, Peter Nicolai"]
[Result "0-1"]
[WhiteElo "2159"]
[BlackElo "2256"]
[PlyCount "92"]
[EventDate "2009.09.04"]
[EventType "swiss"]
[EventRounds "9"]
[EventCountry "DEN"]
[Source "ChessBase"]
[SourceDate "2009.11.03"]

1. e4 e6 2. d4 c5 3. c3 d5 4. exd5 exd5 5. Nf3 c4 6. b3 cxb3 7. axb3 Bd6 8.
Bb5+ Nc6 9. O-O Nge7 10. Ba3 O-O 11. Re1 Bg4 12. h3 Bh5 13. Nbd2 Bxa3 14. Rxa3
a6 15. Bf1 f6 16. Qa1 a5 17. Bd3 Bg6 18. Qb1 Qd6 19. Ra1 b5 20. Bxg6 Nxg6 21.
Qd3 Rab8 22. g3 Rf7 23. h4 Re7 24. Rxe7 Ngxe7 25. Nf1 b4 26. c4 dxc4 27. bxc4
b3 28. Ne3 Ne5 29. Nxe5 fxe5 30. d5 b2 31. Rb1 a4 32. c5 Qxc5 33. d6 Nc6 34.
Nc4 Rb3 35. Qf5 Nd4 36. Qd7 h6 37. Qe8+ Kh7 38. h5 Qxc4 39. Qg6+ Kh8 40. d7 Qg8
41. Qe8 Rb8 42. Qe7 a3 43. Qxa3 Qd8 44. Rxb2 Rxb2 45. Qxb2 Qxd7 46. Qb1 Qf5 0-1

[Event "Xtracon GM"]
[Site "Borup"]
[Date "2009.09.05"]
[Round "3"]
[White "Gajic, Mladen"]
[Black "Johannsen, Kaj"]
[Result "1-0"]
[WhiteElo "2263"]
[BlackElo "1996"]
[PlyCount "73"]
[EventDate "2009.09.04"]
[EventType "swiss"]
[EventRounds "9"]
[EventCountry "DEN"]
[Source "ChessBase"]
[SourceDate "2009.11.03"]

1. e4 e5 2. Bc4 d6 3. Nf3 Be7 4. O-O Nf6 5. Re1 O-O 6. c3 c6 7. Bb3 Nbd7 8. d4
Qc7 9. Nbd2 c5 10. Nf1 c4 11. Bc2 Rd8 12. Ne3 Bf8 13. Qe2 Nb6 14. a4 a5 15. d5
g6 16. Nd2 Bd7 17. Nexc4 Nxc4 18. Qxc4 Qb8 19. Qe2 Bg4 20. f3 Bd7 21. Bd3 Rc8
22. Nc4 b5 23. axb5 Bxb5 24. Be3 Bxc4 25. Bxc4 Nd7 26. Bb5 Nc5 27. Bc6 Rxc6 28.
dxc6 Nb3 29. Ra2 Qc8 30. Qc4 Rb8 31. Rd1 Qc7 32. Rd5 h5 33. Rb5 Rxb5 34. Qxb5
Nc5 35. b4 axb4 36. cxb4 Ne6 37. Ra7 1-0

[Event "Xtracon GM"]
[Site "Borup"]
[Date "2009.09.05"]
[Round "3"]
[White "Hvenekilde, Jorgen"]
[Black "Schmidt, Horst Hubert"]
[Result "1/2-1/2"]
[WhiteElo "2163"]
[BlackElo "1883"]
[PlyCount "27"]
[EventDate "2009.09.04"]
[EventType "swiss"]
[EventRounds "9"]
[EventCountry "DEN"]
[Source "ChessBase"]
[SourceDate "2009.11.03"]

1. d4 Nf6 2. c4 e6 3. Nf3 d5 4. g3 Bb4+ 5. Bd2 Bxd2+ 6. Nbxd2 O-O 7. Bg2 c6 8.
O-O Nbd7 9. Qc2 Re8 10. e4 e5 11. dxe5 Nxe5 12. Nxe5 Rxe5 13. cxd5 cxd5 14.
exd5 1/2-1/2

[Event "Xtracon GM"]
[Site "Borup"]
[Date "2009.09.05"]
[Round "3"]
[White "Jensen, Jan Kargaard"]
[Black "Rausis, Igors"]
[Result "0-1"]
[WhiteElo "1762"]
[BlackElo "2525"]
[PlyCount "66"]
[EventDate "2009.09.04"]
[EventType "swiss"]
[EventRounds "9"]
[EventCountry "DEN"]
[Source "ChessBase"]
[SourceDate "2009.11.03"]

1. d4 d5 2. c4 dxc4 3. e3 Be6 4. Nc3 c6 5. Nf3 b5 6. Be2 Nf6 7. Qc2 Na6 8. Ne5
Rc8 9. Bf3 Qb6 10. O-O g6 11. Rd1 Nb4 12. Qe2 Bg7 13. e4 Nd7 14. Nxc6 Nxc6 15.
d5 Nd4 16. Qf1 Bh3 17. Be2 Bxg2 18. Kxg2 Nxe2 19. Nxe2 O-O 20. Be3 Nc5 21. f4
Qb7 22. Bxc5 Rxc5 23. Qf2 Rfc8 24. Nd4 Bxd4 25. Qxd4 b4 26. h4 c3 27. bxc3 bxc3
28. Rh1 Rc4 29. Qe5 Qd7 30. h5 f6 31. Qe6+ Qxe6 32. dxe6 c2 33. Rhc1 Rxe4 0-1

[Event "Xtracon GM"]
[Site "Borup"]
[Date "2009.09.05"]
[Round "3"]
[White "Knudsen, Jes West"]
[Black "Bejtovic, Jasmin"]
[Result "1-0"]
[WhiteElo "1997"]
[BlackElo "2332"]
[PlyCount "53"]
[EventDate "2009.09.04"]
[EventType "swiss"]
[EventRounds "9"]
[EventCountry "DEN"]
[Source "ChessBase"]
[SourceDate "2009.11.03"]

1. e4 c5 2. b4 cxb4 3. Bb2 Nc6 4. d4 d5 5. exd5 Qxd5 6. c4 Qd8 7. d5 Nb8 8. c5
Nf6 9. Bc4 Qa5 10. Nd2 Qxc5 11. Rc1 Nbd7 12. Ngf3 g6 13. Bb3 Qb6 14. Nc4 Qa6
15. O-O Bg7 16. Re1 O-O 17. Rxe7 b5 18. Ne3 Qd6 19. Rxf7 Rxf7 20. Rc6 Qf4 21.
g3 Qh6 22. d6 a5 23. Rc7 a4 24. Bxf7+ Kxf7 25. Bxf6 Kf8 26. Qd5 Rb8 27. Ng5 1-0

[Event "Xtracon GM"]
[Site "Borup"]
[Date "2009.09.05"]
[Round "3"]
[White "Knudsen, Ole Scott"]
[Black "Jacobsen, Bo"]
[Result "0-1"]
[WhiteElo "1982"]
[BlackElo "2321"]
[PlyCount "48"]
[EventDate "2009.09.04"]
[EventType "swiss"]
[EventRounds "9"]
[EventCountry "DEN"]
[Source "ChessBase"]
[SourceDate "2009.11.03"]

1. e4 e5 2. d4 exd4 3. Nf3 Nc6 4. Nxd4 d6 5. Nxc6 bxc6 6. Bd3 Be7 7. O-O Nf6 8.
h3 O-O 9. Nc3 Re8 10. f4 Nd7 11. Qf3 Rb8 12. Rd1 Bb7 13. Be3 c5 14. g4 Bf6 15.
g5 Bxc3 16. bxc3 Qe7 17. Re1 Bxe4 18. Qg4 f5 19. gxf6 Nxf6 20. Qg5 Qf7 21. Bf2
h6 22. Qh4 Bxd3 23. cxd3 Nd5 24. d4 cxd4 0-1

[Event "Xtracon GM"]
[Site "Borup"]
[Date "2009.09.05"]
[Round "3"]
[White "Krogh, Peter Ove"]
[Black "Lund, Silas"]
[Result "0-1"]
[WhiteElo "1945"]
[BlackElo "2392"]
[PlyCount "76"]
[EventDate "2009.09.04"]
[EventType "swiss"]
[EventRounds "9"]
[EventCountry "DEN"]
[Source "ChessBase"]
[SourceDate "2009.11.03"]

1. c4 e5 2. Nc3 d6 3. g3 f5 4. e3 Nf6 5. d4 Be7 6. dxe5 dxe5 7. Qxd8+ Bxd8 8.
a3 Nbd7 9. Bd3 e4 10. Bc2 Ne5 11. b3 c6 12. Bb2 Bc7 13. O-O-O Bd7 14. h3 h5 15.
h4 Nfg4 16. Nh3 O-O-O 17. Ne2 Bb6 18. Nef4 g6 19. Rhf1 Rhg8 20. Ng5 Rde8 21.
Rd2 Ba5 22. b4 Bd8 23. Bb3 c5 24. Rfd1 Bxg5 25. hxg5 Be6 26. Nxe6 Rxe6 27. Bxe5
Nxe5 28. Kc2 Nd3 29. Kc3 Ra6 30. Ra2 Rxa3 31. bxc5 Rxa2 32. Bxa2 Rd8 33. Rd2
Nxc5 34. Rxd8+ Kxd8 35. Kd4 b6 36. Ke5 Ke7 37. Kd5 Nd3 38. Kc6 Nb4+ 0-1

[Event "Xtracon GM"]
[Site "Borup"]
[Date "2009.09.05"]
[Round "3"]
[White "Kulaots, Kaido"]
[Black "Flindt, Thomas"]
[Result "1-0"]
[WhiteElo "2575"]
[BlackElo "2166"]
[PlyCount "39"]
[EventDate "2009.09.04"]
[EventType "swiss"]
[EventRounds "9"]
[EventCountry "DEN"]
[Source "ChessBase"]
[SourceDate "2009.11.03"]

1. e4 Nc6 2. Nf3 e5 3. Bb5 Bc5 4. O-O Nge7 5. c3 O-O 6. d4 exd4 7. cxd4 Bb6 8.
d5 Nb8 9. d6 cxd6 10. Nc3 Nbc6 11. Bf4 Ng6 12. Bxd6 Re8 13. Bc4 Bc7 14. Nb5 Bb6
15. Qd5 Qf6 16. e5 Qf5 17. Rae1 Nd8 18. Nbd4 Qg4 19. h3 Qh5 20. e6 1-0

[Event "Xtracon GM"]
[Site "Borup"]
[Date "2009.09.05"]
[Round "3"]
[White "Meyer, Lars August"]
[Black "Larsen, Jesper Riis"]
[Result "1-0"]
[WhiteElo "2268"]
[BlackElo "1998"]
[PlyCount "55"]
[EventDate "2009.09.04"]
[EventType "swiss"]
[EventRounds "9"]
[EventCountry "DEN"]
[Source "ChessBase"]
[SourceDate "2009.11.03"]

1. d4 d5 2. c4 c6 3. Nf3 Nf6 4. Nc3 e6 5. Bg5 dxc4 6. e4 b5 7. a4 b4 8. Na2 Ba6
9. Ne5 Nbd7 10. Bxc4 Bxc4 11. Nxc4 Qc7 12. Qf3 c5 13. d5 e5 14. O-O Bd6 15. Nc1
a5 16. Nd3 O-O 17. Rac1 Rac8 18. b3 h6 19. Bxf6 Nxf6 20. Ne3 Rfe8 21. Nf5 Kh7
22. Nb2 Rf8 23. Rfe1 Ne8 24. Qh3 Qd7 25. Re3 Rc7 26. Nc4 Ra7 27. Rg3 Rg8 28.
Ncxd6 1-0

[Event "Xtracon GM"]
[Site "Borup"]
[Date "2009.09.05"]
[Round "3"]
[White "Miezis, Normunds"]
[Black "Christensen, Casper"]
[Result "1-0"]
[WhiteElo "2558"]
[BlackElo "1842"]
[PlyCount "65"]
[EventDate "2009.09.04"]
[EventType "swiss"]
[EventRounds "9"]
[EventCountry "DEN"]
[Source "ChessBase"]
[SourceDate "2009.11.03"]

1. c4 d6 2. Nc3 g6 3. g3 Nf6 4. Bg2 Bg7 5. e4 c5 6. Nge2 O-O 7. a3 Nc6 8. O-O
Ne8 9. Rb1 a5 10. d3 Bg4 11. f3 Bd7 12. f4 Nc7 13. h3 Ne6 14. Nb5 Ncd4 15. Nec3
Nxb5 16. cxb5 a4 17. Nxa4 Bxb5 18. Nc3 Bc6 19. Kh2 b5 20. h4 Rb8 21. Bd2 b4 22.
axb4 Rxb4 23. h5 Rb7 24. f5 gxf5 25. exf5 Bxg2 26. Kxg2 Nd4 27. f6 Bxf6 28. Bh6
Bg7 29. Qg4 Ne6 30. Bxg7 f5 31. Qf3 Rxb2+ 32. Rxb2 Nxg7 33. h6 1-0

[Event "Xtracon GM"]
[Site "Borup"]
[Date "2009.09.05"]
[Round "3"]
[White "Pedersen, Jan Kaas"]
[Black "Glud, Jakob Vang"]
[Result "0-1"]
[WhiteElo "2053"]
[BlackElo "2476"]
[PlyCount "114"]
[EventDate "2009.09.04"]
[EventType "swiss"]
[EventRounds "9"]
[EventCountry "DEN"]
[Source "ChessBase"]
[SourceDate "2009.11.03"]

1. d4 d5 2. Nf3 Nf6 3. Bg5 Nbd7 4. Nbd2 g6 5. e3 Bg7 6. Bd3 O-O 7. c3 c5 8. Qe2
Qb6 9. Rb1 Re8 10. O-O a6 11. Bc2 Qe6 12. Rfe1 b6 13. e4 dxe4 14. Nxe4 Bb7 15.
dxc5 bxc5 16. Nxf6+ exf6 17. Qd1 Qg4 18. h3 Rxe1+ 19. Nxe1 Qxg5 20. Qxd7 Qd5
21. Rd1 Qc6 22. Bb3 Rf8 23. Qxc6 Bxc6 24. Nd3 Re8 25. Nxc5 Bf8 26. Nxa6 Re2 27.
Nb4 Be4 28. Nd3 Bxd3 29. Rxd3 Bc5 30. Rf3 Kg7 31. g3 Rxb2 32. Bc4 h5 33. a4
Rb1+ 34. Kg2 Ra1 35. Bb3 Rb1 36. Bc4 Bb6 37. Bd3 Rb2 38. Kf1 Ra2 39. Bb5 Rb2
40. Bc4 Rc2 41. Bb5 Ba5 42. Re3 Bb6 43. Re2 Rxc3 44. Ra2 h4 45. Kg2 hxg3 46. f3
Bf2 47. a5 Rc1 48. Bf1 f5 49. a6 Ba7 50. f4 Kh6 51. Rb2 Ra1 52. Rb7 Be3 53. Rb4
Kh5 54. Be2+ Kh4 55. Bf1 Ra2+ 56. Kf3 Bc5 57. Rb8 Rf2# 0-1

[Event "Xtracon GM"]
[Site "Borup"]
[Date "2009.09.05"]
[Round "3"]
[White "Petersen, Nils"]
[Black "Ivanov, Mikhail M"]
[Result "1/2-1/2"]
[WhiteElo "2034"]
[BlackElo "2459"]
[PlyCount "124"]
[EventDate "2009.09.04"]
[EventType "swiss"]
[EventRounds "9"]
[EventCountry "DEN"]
[Source "ChessBase"]
[SourceDate "2009.11.03"]

1. c4 g6 2. Nc3 Bg7 3. d4 c5 4. Nf3 cxd4 5. Nxd4 Nc6 6. e3 Nf6 7. Be2 d6 8. O-O
Bd7 9. b3 O-O 10. Bb2 a5 11. Bf3 Qb8 12. Nxc6 bxc6 13. Na4 Ra7 14. c5 d5 15.
Qd2 e5 16. Bc3 d4 17. exd4 e4 18. Be2 Nd5 19. Bc4 Nxc3 20. Nxc3 Bf5 21. Rad1
Rd8 22. Qe3 Rad7 23. Ne2 h5 24. h3 Kh7 25. f4 h4 26. Rd2 Qb4 27. Rfd1 a4 28.
Nc3 axb3 29. axb3 Re7 30. Ne2 Red7 31. Nc3 Re8 32. Ne2 Bf8 33. Nc3 Ra7 34. Ra2
Rxa2 35. Nxa2 Qa3 36. Nc3 Kg8 37. Rb1 Bg7 38. Rd1 Qb4 39. Rd2 Rd8 40. Rd1 Qb8
41. Rd2 Bh6 42. Rf2 Qa7 43. Ra2 Qc7 44. Rf2 Bg7 45. Rd2 Qe7 46. Rd1 Bf6 47. b4
g5 48. Ne2 g4 49. hxg4 Bxg4 50. d5 cxd5 51. Rxd5 Rb8 52. Nd4 Rxb4 53. Nc6 Rb1+
54. Kh2 Qe8 55. Rd6 Kg7 56. Bd3 Rb3 57. Qxe4 Qxe4 58. Bxe4 Rc3 59. Ne5 Bxe5 60.
fxe5 Rxc5 61. Bd5 Bf5 62. e6 fxe6 1/2-1/2

[Event "Xtracon GM"]
[Site "Borup"]
[Date "2009.09.05"]
[Round "3"]
[White "Preuss, Flemming"]
[Black "Draeger, Michael"]
[Result "1-0"]
[WhiteElo "2063"]
[BlackElo "1850"]
[PlyCount "69"]
[EventDate "2009.09.04"]
[EventType "swiss"]
[EventRounds "9"]
[EventCountry "DEN"]
[Source "ChessBase"]
[SourceDate "2009.11.03"]

1. e4 c5 2. Nf3 d6 3. d4 cxd4 4. Qxd4 Nc6 5. Bb5 Bd7 6. Bxc6 Bxc6 7. Nc3 Nf6 8.
Bg5 e6 9. O-O-O Be7 10. Qd3 O-O 11. Nd4 h6 12. Bxf6 Bxf6 13. f4 Qb6 14. Rhe1
Rad8 15. g3 d5 16. e5 Be7 17. Nce2 Rd7 18. Kb1 Ba4 19. Rd2 Bb4 20. c3 Ba3 21.
Ka1 Be7 22. h4 Rfd8 23. b3 Bc6 24. f5 exf5 25. Qxf5 Rc7 26. Nf4 Be8 27. Qd3 a5
28. Nf5 Ba3 29. Nh5 Rxc3 30. Qxc3 Bb4 31. Qb2 Bxd2 32. Qxd2 d4 33. Nhxg7 d3 34.
Nh5 Qb4 35. Nf6+ 1-0

[Event "Xtracon GM"]
[Site "Borup"]
[Date "2009.09.05"]
[Round "3"]
[White "Rendboe, John Filip"]
[Black "Jakobsen, Ole"]
[Result "1/2-1/2"]
[WhiteElo "2246"]
[BlackElo "2344"]
[PlyCount "67"]
[EventDate "2009.09.04"]
[EventType "swiss"]
[EventRounds "9"]
[EventCountry "DEN"]
[Source "ChessBase"]
[SourceDate "2009.11.03"]

1. d4 e6 2. c4 b6 3. Nc3 Bb4 4. Nf3 Bb7 5. e3 f5 6. Bd3 Nf6 7. O-O Bxc3 8. bxc3
O-O 9. Rb1 Ne4 10. Qc2 d6 11. Nd2 Nxd2 12. Bxd2 Qh4 13. f3 Nd7 14. g3 Qh5 15.
e4 fxe4 16. Bxe4 Bxe4 17. Qxe4 Qf7 18. Rbe1 Rae8 19. Qb7 Nf6 20. Bf4 Nh5 21.
Be3 Qd7 22. c5 Rb8 23. Qa6 Nf6 24. c4 dxc5 25. dxc5 Qc6 26. Qb5 Qxb5 27. cxb5
Nd5 28. Bd4 Rfe8 29. a4 a6 30. bxa6 Ra8 31. cxb6 cxb6 32. a5 Rxa6 33. axb6 Nxb6
34. Ra1 1/2-1/2

[Event "Xtracon GM"]
[Site "Borup"]
[Date "2009.09.05"]
[Round "3"]
[White "Semcesen, Daniel"]
[Black "Johansson, Anders"]
[Result "1-0"]
[WhiteElo "2465"]
[BlackElo "2047"]
[PlyCount "105"]
[EventDate "2009.09.04"]
[EventType "swiss"]
[EventRounds "9"]
[EventCountry "DEN"]
[Source "ChessBase"]
[SourceDate "2009.11.03"]

1. b3 e5 2. Bb2 Nc6 3. c4 Nf6 4. e3 Bd6 5. d3 O-O 6. Nc3 Re8 7. Nf3 Ne7 8. Be2
c6 9. O-O Bc7 10. Qc2 Ng6 11. a3 h5 12. c5 h4 13. h3 d5 14. cxd6 Qxd6 15. Rfd1
Qe7 16. b4 a6 17. Rac1 Nh7 18. Nd5 cxd5 19. Qxc7 Qxc7 20. Rxc7 Nhf8 21. Rc5 d4
22. exd4 Nf4 23. Bf1 exd4 24. Nxd4 N8e6 25. Re5 Bd7 26. Nf5 Bc6 27. Nxh4 Rad8
28. Nf5 f6 29. Re3 Kf7 30. g3 Nd5 31. Ree1 Rh8 32. Bg2 g6 33. Ne3 Ne7 34. Ng4
Nd4 35. Bxc6 Nexc6 36. Kg2 Rd7 37. h4 Rhd8 38. Rd2 Rc8 39. Rh1 Rh8 40. Rdd1
Rdd8 41. Rc1 Rd5 42. Rc4 Rhd8 43. Ne3 Rh5 44. Bxd4 Rxd4 45. Rxd4 Nxd4 46. Rc1
Nc6 47. d4 Ke7 48. d5 Nd8 49. Rc7+ Kd6 50. Rg7 g5 51. g4 Rh8 52. hxg5 fxg5 53.
Rxg5 1-0

[Event "Xtracon GM"]
[Site "Borup"]
[Date "2009.09.05"]
[Round "3"]
[White "Skovle, Lars"]
[Black "Pedersen, Hans Dahl"]
[Result "0-1"]
[WhiteElo "1661"]
[BlackElo "2210"]
[PlyCount "56"]
[EventDate "2009.09.04"]
[EventType "swiss"]
[EventRounds "9"]
[EventCountry "DEN"]
[Source "ChessBase"]
[SourceDate "2009.11.03"]

1. e4 c5 2. Nf3 e6 3. d4 cxd4 4. Nxd4 a6 5. Be2 Nf6 6. Bf3 Qc7 7. O-O Nc6 8. c3
Ne5 9. Bg5 Be7 10. Nd2 b5 11. a4 bxa4 12. Qxa4 Bb7 13. Rfe1 O-O 14. Qc2 Rfc8
15. Kh1 Neg4 16. Bxg4 Nxg4 17. N2f3 Bxg5 18. h3 Nxf2+ 19. Qxf2 Bf4 20. e5 d6
21. Qe2 dxe5 22. Nxe5 Bg3 23. Nxf7 Qxf7 24. Rf1 Qg6 25. Qxe6+ Qxe6 26. Nxe6 Bd5
27. Nd4 Re8 28. Ra5 Bc4 0-1

[Event "Xtracon GM"]
[Site "Borup"]
[Date "2009.09.05"]
[Round "3"]
[White "Smith, Axel"]
[Black "Sulskis, Sarunas"]
[Result "0-1"]
[WhiteElo "2415"]
[BlackElo "2568"]
[PlyCount "78"]
[EventDate "2009.09.04"]
[EventType "swiss"]
[EventRounds "9"]
[EventCountry "DEN"]
[Source "ChessBase"]
[SourceDate "2009.11.03"]

1. d4 Nf6 2. c4 e5 3. dxe5 Ng4 4. Bf4 g5 5. Bg3 Bg7 6. Nf3 Nc6 7. Nc3 Ngxe5 8.
Nxe5 Nxe5 9. Qb3 f5 10. Bxe5 Bxe5 11. g3 c6 12. Bg2 Qb6 13. Qc2 d6 14. O-O Be6
15. Na4 Qb4 16. Rac1 f4 17. a3 Qa5 18. b4 Qc7 19. Nb2 fxg3 20. hxg3 h5 21. Nd3
Bf6 22. b5 c5 23. Bd5 Bxd5 24. cxd5 Qd7 25. Qc4 Kf7 26. Kg2 Rae8 27. b6 axb6
28. Rb1 Qf5 29. Rxb6 Re4 30. Rxb7+ Kg6 31. Qc2 h4 32. Nxc5 dxc5 33. f3 hxg3 34.
Qxe4 Rh2+ 35. Kg1 Bd4+ 36. e3 Bxe3+ 37. Qxe3 Rh1+ 38. Kxh1 Qh3+ 39. Kg1 Qh2#
0-1

[Event "Xtracon GM"]
[Site "Borup"]
[Date "2009.09.06"]
[Round "4"]
[White "Andersen, Daniel"]
[Black "Bekker Jensen, David"]
[Result "0-1"]
[WhiteElo "1953"]
[BlackElo "2338"]
[PlyCount "66"]
[EventDate "2009.09.04"]
[EventType "swiss"]
[EventRounds "9"]
[EventCountry "DEN"]
[Source "ChessBase"]
[SourceDate "2009.11.03"]

1. c4 Nf6 2. Nc3 g6 3. e4 d6 4. d4 Bg7 5. f3 O-O 6. Be3 c5 7. dxc5 dxc5 8. Qxd8
Rxd8 9. Bxc5 Nc6 10. Nge2 Nd7 11. Bf2 Nde5 12. Nf4 e6 13. Rd1 Rxd1+ 14. Nxd1
Bh6 15. Bg3 b6 16. b3 Nb4 17. a3 Nc2+ 18. Kd2 Na1 19. b4 Ba6 20. Ne3 Rd8+ 21.
Kc1 Nb3+ 22. Kc2 Nd4+ 23. Kb1 Rc8 24. b5 Bb7 25. Nc2 Nxc2 26. Kxc2 Nxc4 27.
Bxc4 Rxc4+ 28. Kb3 Rc5 29. a4 a6 30. Rd1 axb5 31. Rd8+ Bf8 32. Nxe6 bxa4+ 33.
Kb4 fxe6 0-1

[Event "Xtracon GM"]
[Site "Borup"]
[Date "2009.09.06"]
[Round "4"]
[White "Bejtovic, Jasmin"]
[Black "Knudsen, Ole Scott"]
[Result "1-0"]
[WhiteElo "2332"]
[BlackElo "1982"]
[PlyCount "93"]
[EventDate "2009.09.04"]
[EventType "swiss"]
[EventRounds "9"]
[EventCountry "DEN"]
[Source "ChessBase"]
[SourceDate "2009.11.03"]

1. c4 e6 2. d4 d5 3. g3 c6 4. Bg2 Nf6 5. Nf3 Bb4+ 6. Bd2 Qe7 7. O-O Nbd7 8. Qb3
Bxd2 9. Nbxd2 O-O 10. Rac1 a5 11. Rfe1 a4 12. Qc2 Rd8 13. a3 Nb6 14. e3 dxc4
15. Ne5 c3 16. Qxc3 Nfd5 17. Qc2 f5 18. Nd3 Bd7 19. Nc5 Be8 20. e4 fxe4 21.
Bxe4 Nf6 22. Bf5 Bf7 23. Nxe6 Re8 24. Nf3 Qd6 25. Nfg5 g6 26. Nxf7 Kxf7 27. Bh3
Nbd5 28. Qd2 Kg8 29. Ng5 Nc7 30. Bf1 Kg7 31. Nf3 Rad8 32. Qc2 Qd5 33. Bg2 Qa5
34. Qc4 Ncd5 35. Re5 Ng4 36. Rxe8 Rxe8 37. Ne5 Ngf6 38. Rd1 Re7 39. Bf3 Qb6 40.
Qc2 Qa5 41. Kg2 Nc7 42. h4 Ne6 43. Nc4 Qa7 44. d5 Nd4 45. Qc3 Nb5 46. Qb4 Rf7
47. Ne5 1-0

[Event "Xtracon GM"]
[Site "Borup"]
[Date "2009.09.06"]
[Round "4"]
[White "Bekker Jensen, Simon"]
[Black "Petersen, Nils"]
[Result "1-0"]
[WhiteElo "2415"]
[BlackElo "2034"]
[PlyCount "73"]
[EventDate "2009.09.04"]
[EventType "swiss"]
[EventRounds "9"]
[EventCountry "DEN"]
[Source "ChessBase"]
[SourceDate "2009.11.03"]

1. d4 Nf6 2. c4 e6 3. Nc3 Bb4 4. e3 c5 5. Nge2 cxd4 6. exd4 d5 7. a3 Be7 8. Nf4
dxc4 9. Bxc4 O-O 10. O-O Nc6 11. Be3 e5 12. Nfe2 exd4 13. Nxd4 Ne5 14. Be2 Neg4
15. Bf4 Bd6 16. Nc6 bxc6 17. Qxd6 Qxd6 18. Bxd6 Re8 19. Bf3 Bb7 20. Rfe1 Rxe1+
21. Rxe1 Nh6 22. Re7 Re8 23. Rxe8+ Nxe8 24. Bb8 a5 25. Na4 Kf8 26. Nc5 Ba8 27.
Nb3 Ke7 28. Nxa5 Kd7 29. Nb3 f5 30. Nc5+ Ke7 31. b4 Nd6 32. Bxd6+ Kxd6 33. Kf1
Nf7 34. Ke1 Ne5 35. Be2 Nd7 36. Nxd7 Kxd7 37. Bf3 1-0

[Event "Xtracon GM"]
[Site "Borup"]
[Date "2009.09.06"]
[Round "4"]
[White "Bonnelykke, Ole"]
[Black "Skytte, Rasmus"]
[Result "0-1"]
[WhiteElo "2118"]
[BlackElo "2399"]
[PlyCount "58"]
[EventDate "2009.09.04"]
[EventType "swiss"]
[EventRounds "9"]
[EventCountry "DEN"]
[Source "ChessBase"]
[SourceDate "2009.11.03"]

1. e4 e5 2. Nf3 Nc6 3. Bb5 a6 4. Ba4 Nf6 5. O-O Be7 6. Re1 b5 7. Bb3 d6 8. c3
O-O 9. h3 Na5 10. Bc2 c5 11. d3 Bb7 12. Nbd2 Re8 13. Nf1 Bf8 14. Bg5 h6 15. Bh4
g6 16. Ne3 Be7 17. Qd2 Kh7 18. b4 cxb4 19. cxb4 Nc6 20. Bb3 Rf8 21. g4 Nxe4 22.
dxe4 Bxh4 23. Rad1 Qf6 24. Kg2 Nd4 25. Nxd4 Bxe4+ 26. f3 Bxe1 27. Rxe1 exd4 28.
fxe4 dxe3 29. Qxe3 Rac8 0-1

[Event "Xtracon GM"]
[Site "Borup"]
[Date "2009.09.06"]
[Round "4"]
[White "Bromann, Thorbjorn"]
[Black "Molvig, Henrik"]
[Result "1-0"]
[WhiteElo "2432"]
[BlackElo "2171"]
[PlyCount "53"]
[EventDate "2009.09.04"]
[EventType "swiss"]
[EventRounds "9"]
[EventCountry "DEN"]
[Source "ChessBase"]
[SourceDate "2009.11.03"]

1. d4 Nf6 2. Nc3 d5 3. Bg5 Nbd7 4. Qd3 g6 5. f3 Bg7 6. e4 h6 7. Bh4 Nb6 8. e5
Nh7 9. O-O-O Bf5 10. Qd2 g5 11. Bf2 Nf8 12. g4 Bg6 13. h4 gxh4 14. f4 f5 15.
Bd3 Qd7 16. Bxh4 fxg4 17. e6 Qd8 18. f5 Bh7 19. Bg3 c6 20. Rxh6 Nc4 21. Qg5 Qb6
22. Bxc4 Bxd4 23. Rxd4 Qxd4 24. Nge2 Qxc4 25. Qh5+ Bg6 26. fxg6 Rxh6 27. Qxh6
1-0

[Event "Xtracon GM"]
[Site "Borup"]
[Date "2009.09.06"]
[Round "4"]
[White "Christensen, Casper"]
[Black "Battaglini, Gabriel"]
[Result "0-1"]
[WhiteElo "1842"]
[BlackElo "2360"]
[PlyCount "58"]
[EventDate "2009.09.04"]
[EventType "swiss"]
[EventRounds "9"]
[EventCountry "DEN"]
[Source "ChessBase"]
[SourceDate "2009.11.03"]

1. e4 c6 2. d4 d5 3. exd5 cxd5 4. Bd3 Nc6 5. c3 Qc7 6. Qc2 Nf6 7. f4 Bd7 8. Nf3
Rc8 9. Na3 e6 10. O-O Bxa3 11. bxa3 Na5 12. Bd2 Nc4 13. Bxc4 Qxc4 14. Ne5 Qc7
15. Nxd7 Qxd7 16. f5 O-O 17. fxe6 fxe6 18. Rf3 Ne4 19. Raf1 Rxf3 20. Rxf3 Rc4
21. Be1 Qc6 22. Bd2 Rxd4 23. Bf4 Rc4 24. Be5 Qc5+ 25. Kh1 Qxa3 26. Bd4 Rc8 27.
Kg1 b6 28. Rh3 Rf8 29. Qe2 Qc1+ 0-1